000 01535nam a2200397 c 4500
001 23429
003 ES-MaCES
005 20150929135824.0
008 101213s2010 sp d o000 | spa d
017 _aM 34794-2010
_bDL
020 _a9788484173663
024 7 _a790-10-091-6
_2nipo
035 _aCES20100009740m
040 _aES-MaCES
_bspa
_cES-MaCES
100 1 _aCano Galán, Yolanda
_98882
245 1 3 _aLa formación profesional en España y las cláusulas de formación en la negociación colectiva
_cYolanda Cano Galán
260 _aMadrid
_bMinisterio de Trabajo e Inmigración, Subdirección General de Información Administrativa y Publicaciones
_c[2010]
300 _a536 p.
_c22 cm
490 1 _aColección Informes y estudios. Serie Relaciones laborales
_v96
504 _aBibliografía: p. 491-536
541 _cGratuito
650 4 _aformación profesional
_927394
650 4 _anegociación colectiva
_928362
650 4 _aconvenio colectivo
_928361
650 4 _apolítica de formación
_929974
650 4 _aformación en la empresa
_927452
650 4 _apolítica comunitaria
_930776
650 4 _aEspaña
_926964
653 1 0 _aEducación
650 4 _930664
_aconcertación social
710 1 _aEspaña
_bMinisterio de Trabajo e Inmigración
_eed.
_93272
830 0 _aColección Informes y estudios (España. Ministerio de Trabajo e Inmigración)
_pSerie Relaciones laborales
_v96
_934424
902 _aLIB Libro
942 _2CES
_cBK
_h4.0.
999 _c23429
_d23429